000
00314nam a2200121Ia 4500
008
190802s9999 xx 000 0 und d
020
_a
978-93-325-8491-4
100
_a
A.H.Studenmund
245
0
_a
B A Practical Guide to Using Econometrics
260
_a
New Delhi
_b
Pearson
_c
2018
300
_a
572:p
942
_c
BK
999
_c
2106
_d
2106